Panorama regional
Saved in:
| Format: | Text |
|---|---|
| Subjects: | |
| Tags: |
Add Tag
No Tags, Be the first to tag this record!
|
MARC
| LEADER | 00000 a a2200000 04500 | ||
|---|---|---|---|
| 001 | 10260 | ||
| 003 | |||
| 040 | |||
| 245 | |a Panorama regional | ||
| 650 | |a RECESION ECONOMICA | ||
| 650 | |a POBREZA | ||
| 773 | |g número 26; páginas 1,3 | ||
| 999 | |c 26307 |d 26307 | ||
